Cuentos crueles /
Guardat en:
| Autor principal: | |
|---|---|
| Altres autors: | |
| Format: | Llibre |
| Idioma: | espanyol |
| Publicat: |
Buenos Aires, Argentina :
Espasa-Calpe,
1948, c1948
|
| Col·lecció: | (Austral ;
833) |
| Matèries: | |
| Etiquetes: |
Sense etiquetes, Sigues el primer a etiquetar aquest registre!
|
MARC
| LEADER | 00000nam^a2200000^a^4500 | ||
|---|---|---|---|
| 001 | 000559279 | ||
| 005 | 20250521000000.0 | ||
| 009 | 20260310131838.504 | ||
| 037 | |a Acervo Xavier Clavigero | ||
| 041 | |a ESP | ||
| 082 | |a 808. |b AUS V. 833 | ||
| 100 | |a Villiers de L'Isle-Adam, Auguste |e (autor) | ||
| 240 | 1 | 1 | |a [Cuentos crueles] |
| 245 | 1 | 0 | |a Cuentos crueles / |c A. Villiers de L'Isle-Adam ; tr. por M. Granell. |
| 264 | 4 | |a Buenos Aires, Argentina : |b Espasa-Calpe, |c 1948, c1948 | |
| 300 | |a 214 p. | ||
| 336 | |a texto |b txt |2 rdacontenido | ||
| 337 | |a sin mediación |b n |2 rdamedio | ||
| 338 | |a volumen |b nc |2 rdasoporte | ||
| 440 | 1 | |a (Austral ; |v 833) | |
| 500 | |a Traducción de: Contes Cruels | ||
| 649 | |a XX | ||
| 650 | |a Crueldad en la Literatura | ||
| 650 | |a Cuentos Franceses | ||
| 650 | |a Simbolismo (Corriente) - |z Francia | ||
| 650 | |a Literatura Francesa - |y Siglo XIX | ||
| 700 | |a Granell, Manuel |e (traducción) | ||
| 910 | |a Fondo General | ||
| 920 | |a Impresos - Libros | ||
| 930 | |a Colección General | ||
| 940 | |a Literatura | ||
| 905 | |a 101 | ||
| 901 | |a 0500399545 |b IT1 |c LIT |i D |u 20250521 | ||
| 902 | |a https://opac.biblio.iteso.mx/vufind/Record/000559279 | ||